000 00795cam a22002773a 4500
001 4649
003 PGUSA
005 20140828083103.0
008 031101s2003||||xxu|||||s|||||000 1 eng d
040 _aPGUSA
_beng
042 _adc
050 4 _aPQ
100 1 _aVoltaire,
_d1694-1778
245 1 0 _aMicromegas :
_bRomans — Volume 3
_h[electronic resource] /
_cVoltaire
260 _bProject Gutenberg,
_c2003
506 _aPublic domain in the USA.
516 _aElectronic text
653 _aLife on other planets -- Fiction
653 _aVoyages, Imaginary -- Fiction
653 _aScience fiction
653 _aInterplanetary voyages -- Fiction
653 _aShort stories
830 0 _aProject Gutenberg
_v4649
856 4 0 _uhttp://www.gutenberg.org/ebooks/4649
942 _cEB
999 _c233978
_d233978